banner koha

O pulo do gato: (Registro n. 8506)

MARC details
000 -LÍDER
campo de controle de tamanho fixo 01464nam a2200253 a 4500
001 - NÚMERO DE CONTROLE
campo de controle BS0003444
003 - IDENTIFICADOR DO NÚMERO DE CONTROLE
campo de controle BR-BrBNA
005 - DATA E HORÁRIO DA ÚLTIMA TRANSAÇÃO
campo de controle 20240112140615.0
008 - CAMPO DE DADOS FIXOS--INFORMAÇÃO GERAL
campo de controle de tamanho fixo 230308b |||||||| |||| 00| 0 por d
040 ## - FONTE DA CATALOGAÇÃO
Instituição da catalogação original BR-BrBNA
Idioma da catalogação por
Instituição que transcreveu o registro Biblioteca Nacional de Agricultura
041 ## - CÓDIGO DE IDIOMA
Código do idioma do texto/trilha sonora ou título diferente por
072 ## - CÓDIGO DE CATEGORIA DE ASSUNTO
Código de Categoria de Assunto R10
090 ## - NÚMERO DE CHAMADA LOCAL
Número de chamada R10 BS0003444
100 1# - ENTRADA PRINCIPAL--NOME PESSOAL
Nome pessoal Cotrim, Márcio
245 1# - TÍTULO
Título O pulo do gato:
Restante do título o berço das palavras e expressões populares /
250 1# - EDIÇÃO
Edição 1. ed.
260 3# - PUBLICAÇÃO, DISTRIBUIÇÃO, ETC.
Local de publicação, distribuição, etc. São Paulo, SP:
Nome do editor, distribuidor, etc. Geração Editorial,
Data da publicação, distribuição, etc. ]2005.
300 ## - DESCRIÇÃO FÍSICA
Extensão 123 p.
520 3# - NOTA DE RESUMO, ETC
Resumo, etc. O Pulo do Gato é um delicioso presente de leitura e de revelação da imaginação criadora de uma língua e de seus falantes. Muitas expressões que usamos diariamente têm origem pitoresca, exótica, casual. É muito interessante descobrir como surgiram expressões, como banho-maria (estão esquentando!), candidato (não percam essa!), larápio (nem essa!), Omo (quem diria?)Tio Sam (imprescindível!), gandula (para boleiros e outros!), maratona (ufa!), Skol (não queiram saber!), sanduíche (não comam sem saber essa!), fazer nas coxas (aprenda a fazer bem!). Por essas e muitas outras, está aí o livro de Márcio Cotrim para você lavar a égua. E podem tirar o cavalinho da chuva, pois se quiserem saber mais, esses são outros quinhentos. Certeza: quem ler este livro vai se divertir à beça.
650 ## - ASSUNTO--TERMO TÓPICO
Cabeçalho tópico ou nome geográfico PORTUGUÊS
650 ## - ASSUNTO--TERMO TÓPICO
Cabeçalho tópico ou nome geográfico ETIMOLOGIA
650 ## - ASSUNTO--TERMO TÓPICO
Cabeçalho tópico ou nome geográfico VOCABULÁRIO
942 ## - ELEMENTOS DE ENTRADA ADICIONADOS (KOHA)
Tipo de material Koha Livros
Fonte da classificação ou esquema de arquivamento na estante Classificação AGRIS
Exemplares
Situação do descarte Fonte da classificação ou esquema de arquivamento na estante Situação física Não pode ser emprestado Coleção Biblioteca de origem Biblioteca atual Total de empréstimos Número de telefone completo Código de barras Data de último acesso Número do exemplar Tipo de material Koha Situação das perdas Data de aquisição Fonte de aquisição Qualificador de local codificado
  Classificação AGRIS     Acervo Cultural Biblioteca Nacional de Agricultura - Binagri Biblioteca Nacional de Agricultura - Binagri   R10 BS0003444 R10 BS0003444 12/04/2023 01 Livros   2023-04-04 Doação R10

BINAGRI

Telefone: (61)3218-2567/2388/3357/2097 - binagri@agro.gov.br

Ministério da Agricultura e Pecuária , Esplanada dos Ministérios, Bloco D, Anexo B, Brasília/DF, CEP: 70.043-900